000 00620nam a2200193Ia 4500
008 151119s9999||||xx |||||||||||||| ||und||
082 _a294.592
082 _bGKKV29531
100 _aभक्तीवेदांत स्वामी
245 _aमृत्यूकी पराजय
260 _a--
260 _b--
260 _c1996
600 _aभक्तीवेदांत स्वामी
630 _aमृत्यूकी पराजय
700 _aभक्तीवेदांत स्वामी
730 _aमृत्यूकी पराजय
942 _cBOOK
999 _c1081887
_d1081884